Norma técnica colombiana NTC 4595: ingeniería civil y arquitectura, planeamiento y diseño de instalaciones y ambientes escolares. Comentario sobre el tema de la comodidad auditiva. Norma técnica colombiana NTC 4596, señalización, señalización para in..

En este libro se encuentran los requisitos mínimos con que deben contar las áreas físicas, las dotaciones y la señalización para instalaciones escolares.

Guardat en:
Dades bibliogràfiques
Autor corporatiu: Colombia. Ministerio de Educación Nacional
Format: Llibre
Idioma:Spanish
Publicat: Bogotá: MEN, 2000
Edició:1
Col·lecció:Normas
Matèries:
Accés en línia:Enlace del recurso
Etiquetes: Afegir etiqueta
Sense etiquetes, Sigues el primer a etiquetar aquest registre!

MARC

LEADER 00000nam a2200000 a 4500
001 001201
008 030626s2000 ck # fr# o000|0#spa#d
020 |a 958-691-081-4 
041 0 |a spa 
043 |a s-ck--- 
082 0 4 |a 371.6  |b C545n 
110 1 |a Colombia.  |b Ministerio de Educación Nacional 
245 1 0 |a Norma técnica colombiana NTC 4595:  |b ingeniería civil y arquitectura, planeamiento y diseño de instalaciones y ambientes escolares. Comentario sobre el tema de la comodidad auditiva. Norma técnica colombiana NTC 4596, señalización, señalización para in..  |c Ministerio de Educación Nacional 
250 |a 1 
260 |a Bogotá:  |b MEN,  |c 2000 
300 |a 77 p. en distintas paginaciones:  |b il., gráf., tabl. 
440 0 |a Normas 
504 |a Incluye bibliografía. 
520 3 |a En este libro se encuentran los requisitos mínimos con que deben contar las áreas físicas, las dotaciones y la señalización para instalaciones escolares. 
650 1 4 |a CONSTRUCCIONES ESCOLARES  |z COLOMBIA 
650 1 4 |a NORMAS TÉCNICAS 
999 |c 3353  |d 3353 
856 |u https://catalogo.idep.edu.co/cgi-bin/koha/opac-detail.pl?biblionumber=3353  |z Enlace del recurso